| 000 | 00681nam a22002417a 4500 | ||
|---|---|---|---|
| 005 | 20170124110002.0 | ||
| 010 | _a039017 | ||
| 020 | _c00.00 | ||
| 035 | _a039017 | ||
| 037 | _bCen Lib/Ret | ||
| 040 |
_aDPL _bEN |
||
| 082 |
_a362.9 _bREA |
||
| 245 |
_aReadings in social security / _cedited by William Haber [and] Wilbur J. Cohen |
||
| 260 |
_bPrentice hall _aNew York _c1949 |
||
| 270 | _bNew York | ||
| 300 |
_axix,634p. _c21cm(Hb) |
||
| 500 | _aIncludes index | ||
| 650 |
_aManagement _93072 |
||
| 650 |
_aSecurity management _916131 |
||
| 700 |
_aHaber, William _916132 |
||
| 700 |
_aCohen, Wilbur J. _916133 |
||
| 942 |
_2ddc _cEN _h362.9 _mREA |
||
| 999 |
_c125967 _d125967 |
||